The chemistry of organic derivatives of gold and silver /

Bibliographic Details
Other Authors: Patai, Saul, Rappoport, Zvi
Format: Book
Language:English
Published: Chichester ; New York : Wiley & Sons, 1999.
Series:Chemistry of functional groups.
Subjects:

MARC

Tag First Indicator Second Indicator Subfields
LEADER 00000cam a2200000 a 4500
001 in00001513415
005 20151021101445.0
008 980217s1999 enka b 001 0 eng
010 |a  98014487  
020 |a 0471981648 (alk. paper) 
035 |a (OCoLC)38495254 
035 |9 AJL0024AM 
040 |a DLC  |c DLC  |d C#P  |d TXA  |d UtOrBLW 
049 |a TXAM 
050 0 0 |a QD412.A9  |b C48 1999 
082 0 0 |a 547/.0565  |2 21 
245 0 4 |a The chemistry of organic derivatives of gold and silver /  |c edited by Saul Patai and Zvi Rappoport. 
246 3 0 |a Organic derivatives of gold and silver 
264 1 |a Chichester ;  |a New York :  |b Wiley & Sons,  |c 1999. 
300 |a xxv, 734 pages :  |b illustrations ;  |c 24 cm. 
336 |a text  |b txt  |2 rdacontent 
337 |a unmediated  |b n  |2 rdamedia 
338 |a volume  |b nc  |2 rdacarrier 
490 1 |a The Chemistry of functional groups 
500 |a "An Interscience publication." 
504 |a Includes bibliographical references and indexes. 
650 0 |a Organogold compounds. 
650 0 |a Organosilver compounds. 
700 1 |a Patai, Saul. 
700 1 |a Rappoport, Zvi. 
830 0 |a Chemistry of functional groups. 
948 |a c:blr 
999 |a MARS 
999 f f |s 366ba126-839b-311a-abdd-9b4a070c2513  |i a68c2100-99c0-339c-82f4-767f2c688bbf  |t 0 
952 f f |p ric  |a Texas A&M University  |b Rellis Campus  |c Joint Library Facility  |d Remote Storage  |t 0  |e QD412.A9 C48 1999  |h Library of Congress classification  |i unmediated -- volume  |m A14825255237 
998 f f |a QD412.A9 C48 1999  |t 0  |l Remote Storage